000 00579nam a2200181 i 4500
001 23888
003 ES-MaACL
005 20230906152943.0
007 t|
008 021213s1949 fr ||||1| fre d
100 1 _aAnker Larsen, J.
_921808
245 1 3 _aLa folie d'Olsen /
_cJ. Anker Larsen ; roman traduit du danois par Marguerite Gay et Ulla Morvan.
260 _aParĂ­s :
_bAlbin Michel,
_c[1949] (
_eMontrouge :
_fImp. Moderne)
300 _a429 p. ;
_c20 cm.
700 1 _aGay, Margarite.
_956107
700 1 _aMorvan, Ulla.
_983734
852 _aES-MaACL
_jD-5438
_bR.29946
999 _c23888
_d23888